000 00416nam a2200169 a 4500
001 0000-8608
003 ELIB.Books
008 110520 1993
035 _a(ELIB.Books)0000-8754
082 _a252
_bMad
100 _aMadden, P. J.
245 _aThe Wigglesworth Standard
260 _bAustralia: Whitaker House
_c1993
650 _aSermons
942 _2ddc
_cBK
998 _cbat
_e2011-05-20
999 _c8608
_d8608